<?xml version="1.0" encoding="UTF-8"?>
<record
    xmlns:xsi="http://www.w3.org/2001/XMLSchema-instance"
    xsi:schemaLocation="http://www.loc.gov/MARC21/slim http://www.loc.gov/standards/marcxml/schema/MARC21slim.xsd"
    xmlns="http://www.loc.gov/MARC21/slim">

  <leader>00856nam a2200193 i 4500</leader>
  <controlfield tag="001">29378</controlfield>
  <controlfield tag="003">ES-MaACL</controlfield>
  <controlfield tag="005">20250822235426.0</controlfield>
  <controlfield tag="007">t|</controlfield>
  <controlfield tag="008">030121s1867    fr           ||||1| fre d</controlfield>
  <datafield tag="100" ind1="1" ind2=" ">
    <subfield code="a">Barre, Albert.</subfield>
    <subfield code="9">25870</subfield>
  </datafield>
  <datafield tag="245" ind1="1" ind2="0">
    <subfield code="a">Graveurs g&#xE9;n&#xE9;raux et particuliers des monnaies de France </subfield>
    <subfield code="b">: controleurs g&#xE9;n&#xE9;raux des effigies : noms de quelques graveurs en m&#xE9;dailles de la renaissance fran&#xE7;aise / </subfield>
    <subfield code="c">par Albert Barre.</subfield>
  </datafield>
  <datafield tag="260" ind1=" " ind2=" ">
    <subfield code="a">Par&#xED;s : </subfield>
    <subfield code="b">[s.n.], </subfield>
    <subfield code="c">1867 (</subfield>
    <subfield code="f">Imp. de A. Pillet)</subfield>
  </datafield>
  <datafield tag="300" ind1=" " ind2=" ">
    <subfield code="a">35 p. : </subfield>
    <subfield code="b">[1] l&#xE1;m. de grab. : retrato de J.-J. Barr&#xE9; ; </subfield>
    <subfield code="c">29 cm.</subfield>
  </datafield>
  <datafield tag="500" ind1=" " ind2=" ">
    <subfield code="a">En port.: Extrait de l'"Annuaire de la Soci&#xE9;t&#xE9; fran&#xE7;aise de numismatique et d'arch&#xE9;ologie". 1866-1867.</subfield>
  </datafield>
  <datafield tag="650" ind1="0" ind2="7">
    <subfield code="a">Medallas antiguas</subfield>
    <subfield code="2">embne</subfield>
    <subfield code="9">136477</subfield>
  </datafield>
  <datafield tag="852" ind1=" " ind2=" ">
    <subfield code="a">ES-MaACL</subfield>
    <subfield code="j">T-1088-F-14 </subfield>
    <subfield code="z">.- Firma manuscrita del autor</subfield>
  </datafield>
  <datafield tag="999" ind1=" " ind2=" ">
    <subfield code="c">29378</subfield>
    <subfield code="d">29378</subfield>
  </datafield>
  <datafield tag="952" ind1=" " ind2=" ">
    <subfield code="0">0</subfield>
    <subfield code="1">0</subfield>
    <subfield code="4">0</subfield>
    <subfield code="7">0</subfield>
    <subfield code="8">Colecci&#xF3;n_de_folletos</subfield>
    <subfield code="a">ATENEOM</subfield>
    <subfield code="b">ATENEOM</subfield>
    <subfield code="c">DEPOF</subfield>
    <subfield code="d">2008-01-17</subfield>
    <subfield code="e">SC</subfield>
    <subfield code="l">0</subfield>
    <subfield code="o">T-1088-F-14</subfield>
    <subfield code="p">1030329</subfield>
    <subfield code="r">2023-02-23 00:00:00</subfield>
    <subfield code="w">2023-02-23</subfield>
    <subfield code="y">FOLLETOS</subfield>
  </datafield>
</record>
